000 01106nam0a2200301 4500
001 RU\NLR\bibl\996826
005 20260607071920.0
010 _a5-87295-205-8
_9500
021 _aRU
_b2006-50168
_92479
035 _a(NLR Aleph) 000984589
090 _a480605
_c480605
100 _a20061012d2006 |||y0rusy50 ca
101 0 _arus
102 _aRU
105 _aa |||||||||
200 1 _aСад поэзии для детей
_fРоберт Льюис Стивенсон
_g[вступ. ст. Н.Г. Акатовой]
_gв пер. с англ. яз. Виктора Зайцева
_g[худож. Георгий Егоров]
210 _aОрел
_cВешние воды
_d2006
215 _a141 с.
_cил., портр.
_d19
686 _aШ9(4Вл)62-4
700 1 _4070
_7ca
_8rus
_aСтивенсон
_bР. Л.
_f1850-1894
_gРоберт Льюис
_9111343
_3RU\NLR\auth\771316
702 1 _aЕгоров
_bГ.
_gГеоргий
_4040
801 0 _aRU
_bNLR
_c20061012
_grcr
801 1 _aRU
_bNLR
_c20061012
942 _cBOOK
980 _aNB
980 _aNBR